000 00482nam a2200181Ia 4500
005 20250326124159.0
008 250326s9999 xx 000 0 und d
037 _aTextbook
040 _aFMSL
_beng
_cFMSL
041 _aeng
_2eng
084 _aX:51 Lo;7
_qFMSL
100 _aHaveman R H
_9736923
245 0 _aMarket system
_cHaveman R H; Knopf K A
260 _aNY
_bNY, John Wiley
_c1970
300 _a269p
942 _cTB
_hX:51 Lo;7
999 _c1272616
_d1272616